| 000 | 00766cam a2200229 4500 | ||
|---|---|---|---|
| 001 | M91887 | ||
| 008 | 090401t1998 xxu||||| |||| 00| 0 eng d | ||
| 035 | _a(Sirsi) u99429 | ||
| 041 | _aeng | ||
| 110 |
_aRoyal Institution of Chartered Surveyors _94900 |
||
| 245 | _aAsset management plans : the DfEE consultation paper. | ||
| 260 |
_aLondon _bRICS _c1998 |
||
| 300 | _a7p. ; 30cm. | ||
| 350 | _a0 | ||
| 490 |
_aRICS Policy Unit Submission _vPU/SUB/047 |
||
| 520 | _aPrepared in response to the consultation paper Asset Management Plans by DfEE. Available on the Internet at http://www.rics.org.uk/parliament/ | ||
| 650 | _aASSET MANAGEMENT PLANS | ||
| 650 | _aSCHOOL BUILDINGS | ||
| 690 | _aPROPERTY LAW AND PRACTICE | ||
| 942 | _n0 | ||
| 948 | _c27/05/1998 | ||
| 999 |
_c99331 _d99331 |
||